Najdłuższe rzeki w Polsce - Quiz na mapie - Statystyki

Ogólne statystyki
  • Ten quiz został rozwiązany 5 828 razy
  • Średni wynik to 10 z 25
Odpowiedzi na mapie
Odpowiedzi zakodowano w zielono-czerwonej skali na mapie do tego quizu, zgodnie z poniższymi procentami.
 
Statystyki odpowiedzi
Odpowiedź % Poprawnych
Wisła
91%
Odra
88%
Warta
80%
Bug
71%
San
59%
Narew
54%
Noteć
49%
Dunajec
48%
Nysa Łużycka
48%
Nysa Kłodzka
46%
Pilica
43%
Wieprz
42%
Wisłok
34%
Bóbr
30%
Poprad
29%
Brda
26%
Łyna
26%
Bzura
25%
Drawa
23%
Prosna
21%
Rega
21%
Wda
21%
Drwęca
20%
Pasłęka
20%
Wkra
17%
Nie znaleziono quizów pasujących do podanych kryteriów
Rozkład punktacji
Procent ludzi z każdym wynikiem
Percentyl według liczby udzielonych odpowiedzi
Twoja historia wyników
Nie rozwiązałeś tego quizu